Плавучая эксплутационная система компании SHELL с устройствами для добычи нефти и газа, производства и хранения СПГ; Нефтегазовые технологии; № 3

Detalhes bibliográficos
Parent link:Нефтегазовые технологии: научно-технический журнал/ World Oil ; Pipe Line Industry ; Gulf Publishing Company.— , 1994-.— 0202-4578
№ 3.— 2003.— С. 49-51
Outros Autores: Иванов В. (переводчик)
Idioma:russo
Publicado em: 2003
Colecção:Глубоководные технологии
Assuntos:
Formato: Capítulo de Livro
KOHA link:https://koha.lib.tpu.ru/cgi-bin/koha/opac-detail.pl?biblionumber=386864

MARC

LEADER 00000naa2a2200000 4500
001 386864
005 20231101063526.0
035 |a (RuTPU)RU\TPU\prd\16036 
090 |a 386864 
100 |a 20030708a2003 k y0rusy50 ca 
101 0 |a rus 
102 |a RU 
200 1 |a Плавучая эксплутационная система компании SHELL с устройствами для добычи нефти и газа, производства и хранения СПГ  |f Пер. В. Иванов 
225 1 |a Глубоководные технологии 
320 |a Библиогр.: 1 назв. 
461 1 |0 (RuTPU)RU\TPU\prd\1175  |x 0202-4578  |t Нефтегазовые технологии  |o научно-технический журнал  |f World Oil ; Pipe Line Industry ; Gulf Publishing Company  |d 1994- 
463 1 |0 (RuTPU)RU\TPU\prd\15771  |t № 3  |v С. 49-51  |d 2003 
610 1 |a нефть 
610 1 |a газ 
610 1 |a плавучие суда 
610 1 |a экспорт 
610 1 |a добыча 
610 1 |a хранение 
610 1 |a месторождения 
702 1 |a Иванов  |b В.  |4 730 
801 1 |a RU  |b 63413507  |c 20030708  |g PSBO 
801 2 |a RU  |b 63413507  |c 20120113  |g RCR 
942 |c BK